000
00235nam a2200109Ia 4500
999
_c
8644
_d
8644
020
_a
978-81-317-9539-2
100
_a
Frank Wood
245
0
_a
Business Accounting I
260
_a
New York
_b
Addision
_c
2002
300
_a
593
942
_c
BK